Politics within nations
Salvato in:
| Autore principale: | |
|---|---|
| Natura: | Libro |
| Lingua: | inglese |
| Pubblicazione: |
Englewood Cliffs
Prentice-Hall
1974
|
| Serie: | Prentice-Hall Contemporary Compartive Politics
|
| Soggetti: | |
| Tags: |
Aggiungi Tag
Nessun Tag, puoi essere il primo ad aggiungerne!!
|
MARC
| LEADER | 00000nam a2200000 a 4500 | ||
|---|---|---|---|
| 001 | UCT6396 | ||
| 003 | CL-VaPUC | ||
| 008 | 970106e19740000us |||||||||||||||||eng|d | ||
| 082 | 0 | 4 | |a 320.03 |b LAP |2 21 |
| 100 | |a LaPalombara, Joseph |e author |9 376569 | ||
| 245 | 1 | 0 | |a Politics within nations |
| 300 | |a 625 p | ||
| 942 | |c BK | ||
| 945 | |d 19970106 00:00:00 |a lriquelm | ||
| 260 | |a Englewood Cliffs |b Prentice-Hall |c 1974 | ||
| 650 | 0 | |a Gobierno |9 255508 | |
| 650 | 7 | |a ESTUDIO COMPARATIVO |2 CL-VaPUC |9 321392 | |
| 650 | 0 | |a Instituciones políticas |9 255506 | |
| 650 | 0 | |a Poder político |9 255509 | |
| 650 | 0 | |a Poder legislativo |9 258808 | |
| 650 | 0 | |a Burocracia |9 255511 | |
| 650 | 7 | |a PARTICIPACION POLITICA |2 CL-VaPUC |9 376570 | |
| 650 | 7 | |a ESTRUCTURA SOCIAL |2 CL-VaPUC |9 376571 | |
| 650 | 0 | |a Violencia |9 255411 | |
| 650 | 0 | |a Corrupción política |9 376572 | |
| 650 | 7 | |a PROCESOS POLITICOS |2 CL-VaPUC |9 376557 | |
| 583 | |a last modification |c 20180305 10:48:49 |k Rodrigo Vera | ||
| 490 | 0 | |a Prentice-Hall Contemporary Compartive Politics | |
| 999 | |c 255107 |d 255105 | ||
| 952 | |0 0 |1 0 |4 0 |6 320_030000000000000_LAP_1974 |7 0 |8 A |9 277198 |a BIBDER |b BIBDER |d 2019-11-19 |i 1802224 |o 320.03 LAP 1974 |p 1802224 |r 2023-01-25 |w 2019-11-19 |y BK |k DER | ||